000 00433nam a2200181Ia 4500
001 7731
005 20260306160517.0
008 260306t2016||||xx |||||||||||||| ||spa||
041 _aESP
082 _a355.62
_bC19
100 _aCalderón, William
_eAUT
245 0 _aGasto militar en el Perú:
_b1900 - 2015
260 _c2016
300 _a269 páginas :
_c23 cm.
650 _aGEN
654 _aCHU
942 _cLIB
_dJUS
_fJUS
_2ddc
_n
999 _c7731
_d7731